Sabrina Carpenter - Chansons commençant par M - Statistiques

Statistiques générales
  • Ce quiz a été pris 14 fois
  • Le résultat moyen est 1 sur 5
Statistiques - réponses
Hint Réponse % Correct
M Manchild
92%
M Mona Lisa
23%
M My Man on Willpower
15%
M Mirage
8%
M The Middle of Starting Over
0%
Aucun quiz correspondant
Distribution des résultats
% des personnes avec chaque résultat
Percentile par nombre de réponses
Votre historique - résultats
Vous n’avez pas pris ce quiz